[Event "Team men PL final"]
[Site "Sochi"]
[Date "2018.05.10"]
[Round "9.1"]
[White "Gelfand, Boris"]
[Black "Svidler, Peter"]
[Result "1/2-1/2"]
[BlackElo "2760"]
[WhiteElo "2695"]
[LiveChessVersion "1.4.8"]

1. Nf3 {[%clk 1:30:58]} Nf6 {[%clk 1:30:25]} 2. c4 {[%clk 1:31:24]} c5
{[%clk 1:30:28]} 3. Nc3 {[%clk 1:31:48]} Nc6 {[%clk 1:28:51]} 4. d4
{[%clk 1:31:42]} cxd4 {[%clk 1:28:59]} 5. Nxd4 {[%clk 1:32:08]} e6
{[%clk 1:29:22]} 6. g3 {[%clk 1:32:36]} Qb6 {[%clk 1:29:45]} 7. Nf3
{[%clk 1:33:02]} Bc5 {[%clk 1:22:10]} 8. e3 {[%clk 1:31:56]} Bb4 {[%clk 1:22:32]}
9. Bd2 {[%clk 1:32:07]} O-O {[%clk 1:20:43]} 10. Bg2 {[%clk 1:30:30]} Be7
{[%clk 1:21:01]} 11. O-O {[%clk 1:29:28]} Qxb2 {[%clk 1:19:12]} 12. e4
{[%clk 1:28:15]} d6 {[%clk 1:18:10]} 13. Rb1 {[%clk 1:24:24]} Qa3
{[%clk 1:17:52]} 14. Re1 {[%clk 1:24:52]} Ng4 {[%clk 1:08:24]} 15. h3
{[%clk 1:13:42]} Nge5 {[%clk 1:07:02]} 16. Nb5 {[%clk 1:13:37]} Qxa2
{[%clk 0:48:24]} 17. Bc3 {[%clk 0:46:20]} Qxc4 {[%clk 0:41:39]} 18. Re3
{[%clk 0:42:11]} a6 {[%clk 0:25:57]} 19. Nc7 {[%clk 0:36:52]} Rb8
{[%clk 0:18:57]} 20. Rc1 {[%clk 0:36:02]} Qc5 {[%clk 0:16:40]} 21. Bxe5
{[%clk 0:23:30]} Qa5 {[%clk 0:17:01]} 22. Nd5 {[%clk 0:17:00]} exd5
{[%clk 0:14:05]} 23. Bc3 {[%clk 0:13:44]} Qd8 {[%clk 0:11:48]} 24. exd5
{[%clk 0:14:07]} Ne5 {[%clk 0:12:14]} 25. Nxe5 {[%clk 0:13:22]} dxe5
{[%clk 0:12:37]} 26. d6 {[%clk 0:10:32]} Qxd6 {[%clk 0:09:09]} 27. Rd3
{[%clk 0:08:53]} Qg6 {[%clk 0:06:34]} 28. Bxe5 {[%clk 0:09:01]} Bf5
{[%clk 0:06:51]} 29. Rd4 {[%clk 0:08:53]} Rbc8 {[%clk 0:05:55]} 30. Bxb7
{[%clk 0:08:45]} Rxc1 {[%clk 0:05:58]} 31. Qxc1 {[%clk 0:09:11]} Bxh3
{[%clk 0:04:57]} 32. Qc7 {[%clk 0:08:46]} Bf6 {[%clk 0:04:40]} 33. Bxf6
{[%clk 0:05:06]} Qxf6 {[%clk 0:05:01]} 34. Rd6 {[%clk 0:02:53]} Qe5
{[%clk 0:04:05]} 35. Bxa6 {[%clk 0:03:16]} Qe1+ {[%clk 0:03:09]} 36. Kh2
{[%clk 0:03:41]} Bg4 {[%clk 0:03:31]} 37. Kg2 {[%clk 0:02:47]} Qe4+
{[%clk 0:03:47]} 38. Kg1 {[%clk 0:02:06]} Bh3 {[%clk 0:01:57]} 39. Bb7
{[%clk 0:01:46]} Qe1+ {[%clk 0:02:21]} 40. Kh2 {[%clk 0:32:44]} Be6
{[%clk 0:33:12]} 41. Qb6 {[%clk 0:27:52]} Qe5 {[%clk 0:30:18]} 42. Rd8
{[%clk 0:22:29]} g6 {[%clk 0:30:25]} 43. Qd6 {[%clk 0:20:40]} Qxd6
{[%clk 0:30:06]} 44. Rxd6 {[%clk 0:21:06]} Kg7 {[%clk 0:30:19]} 45. Bd5
{[%clk 0:20:28]} Bf5 {[%clk 0:30:21]} 46. f4 {[%clk 0:18:39]} Rb8
{[%clk 0:29:11]} 47. Bf3 {[%clk 0:18:51]} Rb2+ {[%clk 0:29:26]} 48. Kg1
{[%clk 0:19:18]} h5 {[%clk 0:29:46]} 49. Rd4 {[%clk 0:18:08]} 1/2-1/2

[Event "Team men PL final"]
[Site "Sochi"]
[Date "2018.05.10"]
[Round "9.2"]
[White "Vitiugov, Nikita"]
[Black "Tomashevsky, Evgeny"]
[Result "1/2-1/2"]
[BlackElo "2714"]
[WhiteElo "2740"]
[LiveChessVersion "1.4.8"]

1. d4 {[%clk 1:30:12]} Nf6 {[%clk 1:30:50]} 2. c4 {[%clk 1:30:26]} e6
{[%clk 1:31:08]} 3. Nf3 {[%clk 1:30:15]} Bb4+ {[%clk 1:31:08]} 4. Nbd2
{[%clk 1:26:24]} O-O {[%clk 1:30:16]} 5. a3 {[%clk 1:24:13]} Be7 {[%clk 1:30:28]}
6. e4 {[%clk 1:23:54]} d5 {[%clk 1:28:53]} 7. e5 {[%clk 1:23:54]} Nfd7
{[%clk 1:29:06]} 8. Bd3 {[%clk 1:23:51]} c5 {[%clk 1:28:33]} 9. O-O
{[%clk 1:18:59]} Nc6 {[%clk 1:20:39]} 10. Re1 {[%clk 1:17:42]} a5
{[%clk 1:17:51]} 11. Qc2 {[%clk 1:12:09]} h6 {[%clk 1:14:41]} 12. Nb3
{[%clk 1:10:23]} dxc4 {[%clk 0:59:05]} 13. Bxc4 {[%clk 1:06:39]} cxd4
{[%clk 0:57:48]} 14. Qe4 {[%clk 0:55:50]} a4 {[%clk 0:52:37]} 15. Bxh6
{[%clk 0:49:47]} axb3 {[%clk 0:49:58]} 16. Bxg7 {[%clk 0:46:06]} Kxg7
{[%clk 0:49:58]} 17. Qg4+ {[%clk 0:46:07]} Kh8 {[%clk 0:48:46]} 18. Qh5+
{[%clk 0:42:01]} Kg7 {[%clk 0:48:31]} 19. Qg4+ {[%clk 0:41:20]} Kh8
{[%clk 0:48:46]} 20. Qh5+ {[%clk 0:39:10]} Kg7 {[%clk 0:49:09]} 21. Qg4+
{[%clk 0:37:26]} 1/2-1/2

[Event "Team men PL final"]
[Site "Sochi"]
[Date "2018.05.10"]
[Round "9.3"]
[White "Malakhov, Vladimir"]
[Black "Matlakov, Maxim"]
[Result "1/2-1/2"]
[BlackElo "2704"]
[WhiteElo "2691"]
[LiveChessVersion "1.4.8"]

1. Nf3 {[%clk 1:30:43]} d5 {[%clk 1:30:34]} 2. g3 {[%clk 1:31:02]} g6
{[%clk 1:29:42]} 3. Bg2 {[%clk 1:31:17]} Bg7 {[%clk 1:29:59]} 4. d4
{[%clk 1:31:40]} Nf6 {[%clk 1:30:10]} 5. O-O {[%clk 1:31:58]} O-O
{[%clk 1:30:33]} 6. c4 {[%clk 1:31:47]} dxc4 {[%clk 1:27:30]} 7. Na3
{[%clk 1:31:33]} c5 {[%clk 1:27:15]} 8. dxc5 {[%clk 1:31:53]} c3 {[%clk 1:27:18]}
9. Nb5 {[%clk 1:31:53]} Na6 {[%clk 1:27:17]} 10. Nxc3 {[%clk 1:32:13]} Nxc5
{[%clk 1:27:32]} 11. Be3 {[%clk 1:32:10]} Nfe4 {[%clk 1:25:15]} 12. Nxe4
{[%clk 1:31:55]} Nxe4 {[%clk 1:25:37]} 13. Bd4 {[%clk 1:24:46]} Bf5
{[%clk 1:15:17]} 14. Bxg7 {[%clk 1:04:58]} Qxd1 {[%clk 1:13:58]} 15. Rfxd1
{[%clk 1:04:44]} Kxg7 {[%clk 1:14:22]} 16. Nd4 {[%clk 1:02:52]} Nd6
{[%clk 1:12:58]} 17. Nxf5+ {[%clk 1:01:47]} gxf5 {[%clk 1:13:01]} 18. Rac1
{[%clk 1:01:49]} Rac8 {[%clk 1:13:20]} 19. Kf1 {[%clk 1:02:02]} b6
{[%clk 1:07:08]} 20. Ke1 {[%clk 1:01:56]} Kf6 {[%clk 0:54:08]} 21. e3
{[%clk 1:01:15]} h6 {[%clk 0:47:35]} 22. Bf1 {[%clk 0:58:06]} Rxc1
{[%clk 0:34:50]} 23. Rxc1 {[%clk 0:57:29]} Rc8 {[%clk 0:35:12]} 24. Rxc8
{[%clk 0:56:33]} Nxc8 {[%clk 0:35:37]} 25. Kd2 {[%clk 0:50:17]} Nd6
{[%clk 0:34:58]} 26. Kd3 {[%clk 0:45:59]} e5 {[%clk 0:28:03]} 27. Bg2
{[%clk 0:40:41]} Ke6 {[%clk 0:25:54]} 28. b4 {[%clk 0:39:25]} e4+
{[%clk 0:23:14]} 29. Kc3 {[%clk 0:38:46]} Kd5 {[%clk 0:16:26]} 30. Bf1
{[%clk 0:33:57]} f6 {[%clk 0:09:01]} 31. Be2 {[%clk 0:30:12]} Ke5
{[%clk 0:08:12]} 32. Bd1 {[%clk 0:25:08]} Nb5+ {[%clk 0:05:06]} 33. Kb2
{[%clk 0:25:11]} Nd6 {[%clk 0:05:21]} 34. Bb3 {[%clk 0:25:27]} Nb5
{[%clk 0:04:45]} 35. Bg8 {[%clk 0:25:30]} Nd6 {[%clk 0:04:43]} 36. Kc3
{[%clk 0:20:38]} Nc8 {[%clk 0:03:42]} 37. Kb3 {[%clk 0:17:25]} b5
{[%clk 0:03:35]} 38. a4 {[%clk 0:14:24]} a6 {[%clk 0:03:52]} 39. a5
{[%clk 0:14:49]} Nd6 {[%clk 0:03:13]} 40. Kc3 {[%clk 0:39:24]} Nc8
{[%clk 0:34:05]} 41. Bf7 {[%clk 0:39:45]} Ne7 {[%clk 0:26:36]} 42. Kb3
{[%clk 0:35:37]} 1/2-1/2

[Event "Team men PL final"]
[Site "Sochi"]
[Date "2018.05.10"]
[Round "9.4"]
[White "Rodshtein, Maxim"]
[Black "Riazantsev, Alexander"]
[Result "1-0"]
[BlackElo "2662"]
[WhiteElo "2678"]
[LiveChessVersion "1.4.8"]

1. e4 {[%clk 1:30:57]} c6 {[%clk 1:30:01]} 2. d4 {[%clk 1:30:47]} d5
{[%clk 1:30:30]} 3. e5 {[%clk 1:31:10]} Bf5 {[%clk 1:30:34]} 4. Nf3
{[%clk 1:31:14]} e6 {[%clk 1:30:41]} 5. Be2 {[%clk 1:31:32]} Ne7 {[%clk 1:28:41]}
6. O-O {[%clk 1:31:15]} h6 {[%clk 1:27:16]} 7. Nbd2 {[%clk 1:30:59]} Nd7
{[%clk 1:25:56]} 8. Nb3 {[%clk 1:30:49]} Bg6 {[%clk 1:23:31]} 9. a4
{[%clk 1:28:20]} a5 {[%clk 1:19:41]} 10. c3 {[%clk 1:23:13]} Nf5 {[%clk 1:10:31]}
11. Ne1 {[%clk 1:20:20]} Be7 {[%clk 1:05:52]} 12. Nd3 {[%clk 1:02:55]} O-O
{[%clk 1:05:38]} 13. f4 {[%clk 0:56:08]} b6 {[%clk 0:58:42]} 14. g4
{[%clk 0:52:33]} Nh4 {[%clk 0:59:08]} 15. Be3 {[%clk 0:52:03]} c5
{[%clk 0:52:57]} 16. Nd2 {[%clk 0:43:32]} Rc8 {[%clk 0:39:30]} 17. Qe1
{[%clk 0:32:19]} c4 {[%clk 0:28:05]} 18. Nf2 {[%clk 0:30:27]} f5 {[%clk 0:27:54]}
19. h3 {[%clk 0:26:54]} Bh7 {[%clk 0:26:18]} 20. Nh1 {[%clk 0:22:04]} fxg4
{[%clk 0:25:20]} 21. hxg4 {[%clk 0:22:15]} g5 {[%clk 0:25:46]} 22. Qg3
{[%clk 0:18:37]} gxf4 {[%clk 0:23:45]} 23. Rxf4 {[%clk 0:19:02]} Rxf4
{[%clk 0:14:31]} 24. Bxf4 {[%clk 0:19:26]} Bg5 {[%clk 0:15:01]} 25. Nf2
{[%clk 0:18:37]} Ng6 {[%clk 0:13:37]} 26. Be3 {[%clk 0:17:48]} Bxe3
{[%clk 0:12:10]} 27. Qxe3 {[%clk 0:18:12]} Qh4 {[%clk 0:09:51]} 28. Kg2
{[%clk 0:14:55]} Rf8 {[%clk 0:06:49]} 29. Nf3 {[%clk 0:09:41]} Nf4+
{[%clk 0:03:03]} 30. Qxf4 {[%clk 0:10:05]} Qxf2+ {[%clk 0:03:29]} 31. Kxf2
{[%clk 0:10:31]} Rxf4 {[%clk 0:03:56]} 32. Kg3 {[%clk 0:10:13]} Rf8
{[%clk 0:04:15]} 33. Rh1 {[%clk 0:10:09]} Kg7 {[%clk 0:04:40]} 34. g5
{[%clk 0:07:48]} hxg5 {[%clk 0:04:33]} 35. Nxg5 {[%clk 0:07:09]} Bg8
{[%clk 0:04:17]} 36. Bg4 {[%clk 0:05:14]} Re8 {[%clk 0:04:40]} 37. Rf1
{[%clk 0:03:39]} Kg6 {[%clk 0:02:32]} 38. Kh4 {[%clk 0:02:19]} Rf8
{[%clk 0:01:54]} 39. Rh1 {[%clk 0:02:22]} Rc8 {[%clk 0:00:39]} 40. Rg1
{[%clk 0:32:06]} Rc6 {[%clk 0:30:32]} 41. Nxe6 {[%clk 0:31:31]} 1-0

[Event "Team men PL final"]
[Site "Sochi"]
[Date "2018.05.10"]
[Round "9.5"]
[White "Rublevsky, Sergei"]
[Black "Alekseenko, Kirill"]
[Result "0-1"]
[BlackElo "2625"]
[WhiteElo "2665"]
[LiveChessVersion "1.4.8"]

1. e4 {[%clk 1:30:58]} c5 {[%clk 1:30:44]} 2. Nf3 {[%clk 1:31:23]} d6
{[%clk 1:30:57]} 3. d4 {[%clk 1:31:44]} cxd4 {[%clk 1:31:13]} 4. Nxd4
{[%clk 1:32:11]} Nf6 {[%clk 1:31:33]} 5. Nc3 {[%clk 1:32:35]} a6 {[%clk 1:31:52]}
6. Be2 {[%clk 1:32:59]} e5 {[%clk 1:31:45]} 7. Nb3 {[%clk 1:33:23]} Be7
{[%clk 1:31:46]} 8. O-O {[%clk 1:33:45]} O-O {[%clk 1:31:42]} 9. Re1
{[%clk 1:34:07]} Be6 {[%clk 1:31:54]} 10. Bf3 {[%clk 1:33:37]} Nbd7
{[%clk 1:32:12]} 11. a4 {[%clk 1:32:44]} Qb8 {[%clk 1:32:32]} 12. h3
{[%clk 1:27:39]} Rc8 {[%clk 1:31:06]} 13. Nd2 {[%clk 1:27:14]} Bd8
{[%clk 1:23:48]} 14. Nf1 {[%clk 1:26:52]} Bb6 {[%clk 1:15:30]} 15. a5
{[%clk 1:11:04]} Bd4 {[%clk 1:00:16]} 16. Ne2 {[%clk 1:01:48]} Bc5
{[%clk 1:00:34]} 17. Be3 {[%clk 0:59:58]} b6 {[%clk 0:56:00]} 18. axb6
{[%clk 0:59:42]} Qxb6 {[%clk 0:54:20]} 19. b3 {[%clk 0:59:33]} a5
{[%clk 0:53:24]} 20. Neg3 {[%clk 0:57:36]} g6 {[%clk 0:45:31]} 21. Nf5
{[%clk 0:48:39]} Rd8 {[%clk 0:36:05]} 22. g4 {[%clk 0:39:34]} Kh8
{[%clk 0:31:15]} 23. N1g3 {[%clk 0:36:03]} Bxe3 {[%clk 0:26:53]} 24. Nxe3
{[%clk 0:36:04]} Nc5 {[%clk 0:26:39]} 25. g5 {[%clk 0:35:14]} Ng8
{[%clk 0:25:45]} 26. Bg4 {[%clk 0:30:39]} f6 {[%clk 0:23:12]} 27. Bxe6
{[%clk 0:25:35]} Nxe6 {[%clk 0:23:36]} 28. Nd5 {[%clk 0:26:03]} Qa7
{[%clk 0:20:50]} 29. gxf6 {[%clk 0:25:37]} Rf8 {[%clk 0:20:19]} 30. Re3
{[%clk 0:07:49]} Qf7 {[%clk 0:17:28]} 31. Ne2 {[%clk 0:07:12]} Ng5
{[%clk 0:14:34]} 32. Nb6 {[%clk 0:02:44]} Rad8 {[%clk 0:12:44]} 33. f4
{[%clk 0:02:02]} Nxf6 {[%clk 0:11:02]} 34. fxg5 {[%clk 0:02:00]} Ng4
{[%clk 0:11:26]} 35. hxg4 {[%clk 0:02:04]} Qf2+ {[%clk 0:11:51]} 36. Kh1
{[%clk 0:02:32]} Qxe3 {[%clk 0:12:08]} 37. Nc4 {[%clk 0:02:11]} Qh3+
{[%clk 0:12:28]} 38. Kg1 {[%clk 0:02:39]} Qxg4+ {[%clk 0:12:34]} 39. Kh1
{[%clk 0:03:06]} Rf2 {[%clk 0:12:47]} 0-1

[Event "Team men PL final"]
[Site "Sochi"]
[Date "2018.05.10"]
[Round "9.6"]
[White "Goganov, Aleksey"]
[Black "Lysyj, Igor"]
[Result "1/2-1/2"]
[BlackElo "2630"]
[WhiteElo "2572"]
[LiveChessVersion "1.4.8"]

1. e4 {[%clk 1:30:55]} e5 {[%clk 1:30:45]} 2. Nf3 {[%clk 1:31:20]} Nc6
{[%clk 1:31:11]} 3. Bc4 {[%clk 1:31:44]} Bc5 {[%clk 1:31:30]} 4. d3
{[%clk 1:32:03]} Nf6 {[%clk 1:31:33]} 5. O-O {[%clk 1:31:57]} d6 {[%clk 1:31:10]}
6. c3 {[%clk 1:31:43]} a6 {[%clk 1:30:57]} 7. h3 {[%clk 1:29:28]} Ba7
{[%clk 1:29:55]} 8. Bb3 {[%clk 1:29:28]} Ne7 {[%clk 1:21:21]} 9. Re1
{[%clk 1:27:49]} Ng6 {[%clk 1:21:01]} 10. Nbd2 {[%clk 1:27:10]} O-O
{[%clk 1:19:10]} 11. Nf1 {[%clk 1:25:19]} Be6 {[%clk 1:14:48]} 12. Ng3
{[%clk 1:20:28]} Re8 {[%clk 1:07:19]} 13. Bc2 {[%clk 1:10:54]} h6
{[%clk 0:53:08]} 14. d4 {[%clk 1:11:01]} c6 {[%clk 0:53:14]} 15. Be3
{[%clk 1:09:49]} Qc7 {[%clk 0:53:32]} 16. Qc1 {[%clk 1:01:21]} Rad8
{[%clk 0:43:39]} 17. a4 {[%clk 0:57:02]} a5 {[%clk 0:41:33]} 18. Kh1
{[%clk 0:53:42]} Bb8 {[%clk 0:37:52]} 19. Kg1 {[%clk 0:44:23]} Ba7
{[%clk 0:26:40]} 20. b3 {[%clk 0:38:29]} Bc8 {[%clk 0:24:22]} 21. c4
{[%clk 0:36:31]} exd4 {[%clk 0:24:13]} 22. Nxd4 {[%clk 0:35:26]} Bc5
{[%clk 0:24:02]} 23. Ndf5 {[%clk 0:28:33]} Bxe3 {[%clk 0:23:37]} 24. Rxe3
{[%clk 0:28:29]} d5 {[%clk 0:19:44]} 25. exd5 {[%clk 0:22:42]} cxd5
{[%clk 0:19:47]} 26. cxd5 {[%clk 0:19:45]} Rxd5 {[%clk 0:17:48]} 27. Rxe8+
{[%clk 0:18:42]} Nxe8 {[%clk 0:18:14]} 28. Ne3 {[%clk 0:16:14]} Rc5
{[%clk 0:17:15]} 29. Qd2 {[%clk 0:14:41]} Nf6 {[%clk 0:15:26]} 30. Bxg6
{[%clk 0:14:12]} fxg6 {[%clk 0:15:52]} 31. b4 {[%clk 0:13:24]} axb4
{[%clk 0:16:12]} 32. Qxb4 {[%clk 0:13:48]} Kh7 {[%clk 0:15:54]} 33. Rd1
{[%clk 0:13:19]} Bd7 {[%clk 0:14:38]} 34. Ne2 {[%clk 0:12:44]} Re5
{[%clk 0:13:05]} 35. Rc1 {[%clk 0:11:13]} Qa5 {[%clk 0:09:02]} 36. Rb1
{[%clk 0:08:44]} Qxa4 {[%clk 0:07:26]} 37. Qxa4 {[%clk 0:09:02]} Bxa4
{[%clk 0:07:53]} 38. Rxb7 {[%clk 0:09:24]} Bd7 {[%clk 0:07:58]} 39. Nd4
{[%clk 0:08:55]} Re4 {[%clk 0:07:42]} 40. Ndc2 {[%clk 0:38:48]} Ba4
{[%clk 0:37:04]} 1/2-1/2

[Event "Team men PL final"]
[Site "Sochi"]
[Date "2018.05.10"]
[Round "9.7"]
[White "Najer, Evgeniy"]
[Black "Shinkevich, Vitaly"]
[Result "1-0"]
[BlackElo "2433"]
[WhiteElo "2667"]
[LiveChessVersion "1.4.8"]

1. d4 {[%clk 1:30:51]} Nf6 {[%clk 1:30:39]} 2. c4 {[%clk 1:31:01]} e6
{[%clk 1:29:31]} 3. Nf3 {[%clk 1:29:24]} Bb4+ {[%clk 1:27:26]} 4. Nbd2
{[%clk 1:29:29]} d5 {[%clk 1:21:05]} 5. Qa4+ {[%clk 1:27:18]} Nc6
{[%clk 1:21:17]} 6. Ne5 {[%clk 1:27:35]} Bd7 {[%clk 1:17:18]} 7. Nxd7
{[%clk 1:10:58]} Qxd7 {[%clk 1:16:50]} 8. e3 {[%clk 1:10:50]} O-O
{[%clk 1:14:15]} 9. a3 {[%clk 1:04:29]} Bxd2+ {[%clk 1:11:00]} 10. Bxd2
{[%clk 1:04:19]} Ne4 {[%clk 1:10:54]} 11. Rd1 {[%clk 0:59:56]} e5
{[%clk 1:04:19]} 12. cxd5 {[%clk 0:56:03]} Qxd5 {[%clk 0:56:45]} 13. Bc4
{[%clk 0:56:26]} Qd6 {[%clk 0:52:56]} 14. d5 {[%clk 0:55:15]} Ne7
{[%clk 0:46:05]} 15. Bb4 {[%clk 0:55:09]} Nc5 {[%clk 0:37:42]} 16. Qc2
{[%clk 0:55:04]} a5 {[%clk 0:36:37]} 17. Bc3 {[%clk 0:51:34]} Nd7
{[%clk 0:31:11]} 18. O-O {[%clk 0:51:24]} f5 {[%clk 0:30:36]} 19. b4
{[%clk 0:46:29]} a4 {[%clk 0:28:02]} 20. f3 {[%clk 0:31:54]} Kh8 {[%clk 0:26:31]}
21. Ba2 {[%clk 0:27:26]} Qb6 {[%clk 0:25:28]} 22. Kh1 {[%clk 0:23:58]} Qxe3
{[%clk 0:12:39]} 23. f4 {[%clk 0:20:41]} Nf6 {[%clk 0:05:10]} 24. Rf3
{[%clk 0:16:12]} Qe4 {[%clk 0:03:55]} 25. Qb2 {[%clk 0:16:26]} Nexd5
{[%clk 0:01:00]} 26. fxe5 {[%clk 0:16:04]} Nxc3 {[%clk 0:01:18]} 27. exf6
{[%clk 0:16:21]} 1-0

[Event "Team men PL final"]
[Site "Sochi"]
[Date "2018.05.10"]
[Round "9.8"]
[White "Palachev, Petr"]
[Black "Motylev, Alexander"]
[Result "0-1"]
[BlackElo "2660"]
[WhiteElo "2402"]
[LiveChessVersion "1.4.8"]

1. Nf3 d5 {[%clk 1:30:54]} 2. g3 {[%clk 1:31:17]} g6 {[%clk 1:28:52]} 3. Bg2
{[%clk 1:31:30]} Bg7 {[%clk 1:29:17]} 4. d4 {[%clk 1:31:53]} Nf6 {[%clk 1:29:14]}
5. O-O {[%clk 1:29:32]} c6 {[%clk 1:29:23]} 6. c3 {[%clk 1:27:56]} O-O
{[%clk 1:29:25]} 7. a4 {[%clk 1:28:20]} a5 {[%clk 1:28:10]} 8. Bf4
{[%clk 1:27:35]} Nh5 {[%clk 1:27:40]} 9. Be3 {[%clk 1:27:23]} Nd7
{[%clk 1:26:21]} 10. Qc1 {[%clk 1:27:40]} Re8 {[%clk 1:23:57]} 11. c4
{[%clk 1:27:30]} Nhf6 {[%clk 1:23:54]} 12. b3 {[%clk 1:26:56]} e5
{[%clk 1:22:27]} 13. cxd5 {[%clk 0:44:30]} Nxd5 {[%clk 1:21:35]} 14. Bg5
{[%clk 0:44:01]} Qb6 {[%clk 1:19:48]} 15. e4 {[%clk 0:36:12]} Nb4
{[%clk 1:19:31]} 16. dxe5 {[%clk 0:29:33]} Nxe5 {[%clk 1:18:14]} 17. Nxe5
{[%clk 0:29:55]} Bxe5 {[%clk 1:18:20]} 18. Nd2 {[%clk 0:28:05]} Bd4
{[%clk 0:56:07]} 19. Nc4 {[%clk 0:24:16]} Qc5 {[%clk 0:55:24]} 20. Be3
{[%clk 0:20:22]} Bg4 {[%clk 0:52:21]} 21. Bxd4 {[%clk 0:03:35]} Qxd4
{[%clk 0:50:04]} 22. Re1 {[%clk 0:02:31]} Rad8 {[%clk 0:45:22]} 23. Qg5
{[%clk 0:02:44]} Nd3 {[%clk 0:42:17]} 24. Ne3 {[%clk 0:00:33]} Nxe1
{[%clk 0:35:03]} 25. Rxe1 {[%clk 0:00:57]} Qc3 {[%clk 0:34:57]} 26. Nxg4
{[%clk 0:00:34]} Qxe1+ {[%clk 0:34:48]} 27. Bf1 {[%clk 0:01:00]} Rd1
{[%clk 0:32:59]} 28. Nh6+ {[%clk 0:00:58]} Kf8 {[%clk 0:32:33]} 29. Qc5+
{[%clk 0:01:15]} Kg7 {[%clk 0:31:14]} 0-1

[Event "Team men PL final"]
[Site "Sochi"]
[Date "2018.05.10"]
[Round "9.9"]
[White "Grachev, Boris"]
[Black "Skatchkov, Valery"]
[Result "1/2-1/2"]
[BlackElo "2338"]
[WhiteElo "2647"]
[LiveChessVersion "1.4.8"]

1. c4 {[%clk 1:30:51]} e5 {[%clk 1:30:48]} 2. d3 {[%clk 1:25:48]} Nc6
{[%clk 1:30:24]} 3. Nf3 {[%clk 1:25:47]} Nf6 {[%clk 1:30:47]} 4. Nc3
{[%clk 1:23:53]} d5 {[%clk 1:30:22]} 5. cxd5 {[%clk 1:24:11]} Nxd5
{[%clk 1:30:41]} 6. e3 {[%clk 1:22:22]} Be6 {[%clk 1:29:50]} 7. Be2
{[%clk 1:22:05]} Be7 {[%clk 1:30:04]} 8. O-O {[%clk 1:22:22]} O-O
{[%clk 1:30:30]} 9. Qc2 {[%clk 1:21:19]} f5 {[%clk 1:24:31]} 10. a3
{[%clk 1:20:27]} a5 {[%clk 1:23:06]} 11. Bd2 {[%clk 1:09:08]} Qe8
{[%clk 1:22:14]} 12. Nxd5 {[%clk 0:49:49]} Bxd5 {[%clk 1:21:35]} 13. Bc3
{[%clk 0:41:20]} Qg6 {[%clk 1:20:08]} 14. Qa4 {[%clk 0:29:03]} Rfd8
{[%clk 1:13:08]} 15. Rfd1 {[%clk 0:27:28]} b5 {[%clk 1:13:22]} 16. Qc2
{[%clk 0:26:06]} b4 {[%clk 1:12:13]} 17. Be1 {[%clk 0:24:01]} Kh8
{[%clk 1:07:47]} 18. Qa4 {[%clk 0:18:34]} Rab8 {[%clk 1:05:09]} 19. axb4
{[%clk 0:14:49]} Bxb4 {[%clk 0:57:21]} 20. Qc2 {[%clk 0:07:27]} Bxe1
{[%clk 0:56:11]} 21. Rxe1 {[%clk 0:07:35]} Rb4 {[%clk 0:56:32]} 22. g3
{[%clk 0:02:33]} Rdb8 {[%clk 0:56:30]} 23. Reb1 {[%clk 0:02:56]} Qe6
{[%clk 0:49:48]} 24. Nd2 {[%clk 0:02:15]} f4 {[%clk 0:40:52]} 25. Bf3
{[%clk 0:02:42]} Bxf3 {[%clk 0:41:12]} 26. Nxf3 {[%clk 0:03:08]} fxe3
{[%clk 0:41:22]} 27. fxe3 {[%clk 0:03:33]} Qh6 {[%clk 0:38:29]} 28. Qe2
{[%clk 0:02:04]} e4 {[%clk 0:38:27]} 29. dxe4 {[%clk 0:02:30]} Rxe4
{[%clk 0:38:53]} 30. Ra3 {[%clk 0:02:36]} Rbe8 {[%clk 0:38:17]} 31. Re1
{[%clk 0:02:06]} Nb4 {[%clk 0:38:42]} 32. Rxa5 {[%clk 0:01:31]} Qb6
{[%clk 0:35:14]} 33. Qb5 {[%clk 0:00:43]} Nd3 {[%clk 0:33:54]} 34. Re2
{[%clk 0:01:09]} Nc1 {[%clk 0:34:14]} 35. Re1 {[%clk 0:01:12]} Nd3
{[%clk 0:34:34]} 36. Re2 {[%clk 0:01:38]} Nc1 {[%clk 0:34:35]} 37. Re1
{[%clk 0:01:08]} Nd3 {[%clk 0:35:01]} 38. Re2 {[%clk 0:01:35]} Nc1
{[%clk 0:31:44]} 39. Re1 {[%clk 0:01:21]} Nd3 {[%clk 0:32:09]} 40. Re2
{[%clk 0:31:48]} Nc1 {[%clk 1:02:35]} 41. Re1 {[%clk 0:31:10]} Nd3
{[%clk 1:00:11]} 42. Re2 {[%clk 0:27:09]} 1/2-1/2

[Event "Team men PL final"]
[Site "Sochi"]
[Date "2018.05.10"]
[Round "9.10"]
[White "Natacheev, Peter"]
[Black "Zvjaginsev, Vadim"]
[Result "0-1"]
[BlackElo "2625"]
[WhiteElo "2243"]
[LiveChessVersion "1.4.8"]

1. c4 {[%clk 1:30:52]} g6 {[%clk 1:26:16]} 2. Nf3 {[%clk 1:30:52]} Bg7
{[%clk 1:26:25]} 3. g3 {[%clk 1:30:46]} b6 {[%clk 1:23:01]} 4. Bg2
{[%clk 1:30:32]} Bb7 {[%clk 1:22:27]} 5. Nc3 {[%clk 1:30:23]} Nf6
{[%clk 1:20:17]} 6. O-O {[%clk 1:30:32]} O-O {[%clk 1:20:37]} 7. d3
{[%clk 1:30:26]} d6 {[%clk 1:19:50]} 8. Bg5 {[%clk 1:30:18]} h6 {[%clk 1:15:40]}
9. Bd2 {[%clk 1:28:57]} Qc8 {[%clk 1:15:33]} 10. Qc1 {[%clk 1:28:25]} Kh7
{[%clk 1:15:55]} 11. e4 {[%clk 1:28:01]} Nbd7 {[%clk 1:08:25]} 12. Re1
{[%clk 1:27:37]} Ne5 {[%clk 1:01:48]} 13. Qc2 {[%clk 1:24:21]} Nfd7
{[%clk 0:59:12]} 14. Rad1 {[%clk 1:19:43]} c5 {[%clk 0:54:24]} 15. Nd5
{[%clk 1:18:31]} e6 {[%clk 0:52:36]} 16. Ne3 {[%clk 1:18:52]} Nc6
{[%clk 0:52:26]} 17. Bc3 {[%clk 1:18:33]} Nd4 {[%clk 0:51:34]} 18. Qd2
{[%clk 1:18:42]} a5 {[%clk 0:41:58]} 19. Nc2 {[%clk 1:16:14]} e5 {[%clk 0:40:32]}
20. Ne3 {[%clk 1:16:31]} Qd8 {[%clk 0:35:32]} 21. Nd5 {[%clk 1:15:27]} Bxd5
{[%clk 0:30:23]} 22. cxd5 {[%clk 1:06:29]} Nxf3+ {[%clk 0:27:07]} 23. Bxf3
{[%clk 1:06:53]} b5 {[%clk 0:27:21]} 24. Qe2 {[%clk 1:04:14]} f5 {[%clk 0:26:08]}
25. a4 {[%clk 1:03:21]} b4 {[%clk 0:23:36]} 26. Bd2 {[%clk 1:02:57]} f4
{[%clk 0:23:12]} 27. Bg2 {[%clk 1:01:10]} h5 {[%clk 0:21:33]} 28. b3
{[%clk 0:57:02]} Bh6 {[%clk 0:21:20]} 29. Rf1 {[%clk 0:55:54]} c4
{[%clk 0:13:38]} 30. dxc4 {[%clk 0:55:25]} Nc5 {[%clk 0:14:03]} 31. gxf4
{[%clk 0:54:25]} Bxf4 {[%clk 0:13:19]} 32. Bxf4 {[%clk 0:53:45]} Rxf4
{[%clk 0:13:41]} 33. Qe3 {[%clk 0:53:55]} Qh4 {[%clk 0:11:13]} 34. Rfe1
{[%clk 0:52:31]} Raf8 {[%clk 0:10:37]} 35. Rd2 {[%clk 0:52:57]} Qf6
{[%clk 0:07:44]} 36. Kf1 {[%clk 0:52:18]} Nxb3 {[%clk 0:07:28]} 37. Rb2
{[%clk 0:50:47]} Nc5 {[%clk 0:07:49]} 38. Kg1 {[%clk 0:49:56]} Qh4
{[%clk 0:06:47]} 39. Ra2 {[%clk 0:49:20]} b3 {[%clk 0:05:53]} 40. Rae2
{[%clk 1:19:21]} Rxf2 {[%clk 0:34:09]} 41. Qc3 {[%clk 1:14:23]} Rxe2
{[%clk 0:30:43]} 42. Rxe2 {[%clk 1:14:33]} Qd8 {[%clk 0:27:05]} 0-1